| 000 | 00492nam a22001817a 4500 | ||
|---|---|---|---|
| 003 | NUST - PNEC | ||
| 005 | 20170116180822.0 | ||
| 008 | 150625b xxu||||| |||| 00| 0 eng d | ||
| 020 | _a0471997552 | ||
| 040 | _cLIBRARY | ||
| 082 | _a512 WAL | ||
| 100 |
_94194 _aWait, R. |
||
| 245 |
_aThe numerical solution of algebraic equations _cR. Wait |
||
| 260 |
_aNew york _bJohn Wiley & Sons Ltd _cc1979. |
||
| 300 | _a155 p. : | ||
| 650 |
_94195 _aNumerical solutions _xGeneral |
||
| 942 |
_2ddc _cBK |
||
| 999 |
_c63786 _d63786 |
||